000 00241nam a2200097Ia 4500
005 20251222114340.0
008 251222s1900||||xx |||||||||||||| ||spa||
082 _aDVD0070/A92/2001
245 0 _aBabette's feast:El festín de babette
942 _cDVD
999 _c809
_d809